书目信息 |
| 题名: |
白寿彝讲历史
|
|
| 作者: | 白至德 编著 | |
| 分册: | 先秦秦汉卷 | |
| 出版信息: | 北京 中国工人出版社 2008 |
|
| 页数: | 335页 | |
| 开本: | 24cm | |
| 丛书名: | ||
| 单 册: | ||
| 中图分类: | K209 , K220.9 | |
| 科图分类: | ||
| 主题词: | 先秦时代--历史--通俗读物 , 秦汉时代--历史--通俗读物 | |
| 电子资源: | ||
| ISBN: | 978-7-5008-4017-6 | |
| 000 | 00798nam0 2200253 450 | |
| 001 | 1252813457 | |
| 005 | 20121007144058.92 | |
| 010 | @a978-7-5008-4017-6@dCNY35.00 | |
| 100 | @a20080407d2008 em y0chiy50 ea | |
| 101 | 0 | @achi |
| 102 | @aCN@b110000 | |
| 105 | @aa z 000yd | |
| 200 | 1 | @a白寿彝讲历史@Abai shou yi jiang li shi@i先秦秦汉卷@f白至德编著 |
| 210 | @a北京@c中国工人出版社@d2008 | |
| 215 | @a335页@c图@d24cm | |
| 330 | @a本书在白寿彝教授的讲解中,孔子、孟子、屈原、秦始皇等一个个人物,栩栩如生的展现在我们面前。 | |
| 606 | 0 | @a先秦时代@x历史@j通俗读物 |
| 606 | 0 | @a秦汉时代@x历史@j通俗读物 |
| 607 | @a中国@x历史@j通俗读物 | |
| 690 | @aK209@v4 | |
| 690 | @aK220.9@v4 | |
| 701 | 0 | @c(回)@a白至德@Abai zhi de@4编著 |
| 801 | 0 | @aCN@bNLC@c20101222 |
| 905 | @a10447@dK209@eJY61 | |
| 白寿彝讲历史.先秦秦汉卷/白至德编著.-北京:中国工人出版社,2008 |
| 335页:图;24cm |
| ISBN 978-7-5008-4017-6:CNY35.00 |
| 本书在白寿彝教授的讲解中,孔子、孟子、屈原、秦始皇等一个个人物,栩栩如生的展现在我们面前。 |
| ● |
| 相关链接 |
|
|
|
|
正题名:白寿彝讲历史
索取号:K209/JY61
 
预约/预借
| 序号 | 登录号 | 条形码 | 馆藏地/架位号 | 状态 | 备注 |
| 1 | 7831916 | 278319160 | 学院路分馆/ [索取号:K209/JY61] | 在馆 | |
| 2 | 7831917 | 278319179 | 学院路分馆/ [索取号:K209/JY61] | 在馆 | |
| 3 | 7831918 | 278319188 | 学院路分馆/ [索取号:K209/JY61] | 在馆 |